[Event "DVM U16 2017"]
[Site "Walldorf GER"]
[Date "2017.12.28"]
[Round "3"]
[White "Hurm, Yannik"]
[Black "Reindl, Jork"]
[Result "1/2-1/2"]
[Termination "normal"]
[Board "8.3"]
[WhiteElo "1646"]
[BlackElo "1648"]
[WhiteClock "00:21:17"]
[BlackClock "00:39:29"]
[WhiteTeam "SG Königskinder Hohentübingen"]
[BlackTeam "SG Schwäbisch Gmünd"]
[PlyCount "75"]
[WhiteFideId "16235169"]
[BlackFideId "16200152"]
[EventCountry "GER"]
[EventRounds "7"]
[EventType "team-swiss"]
[EventDate "2017.12.26"]

1. e4 e6 2. d4 d5 3. Nc3 Bb4 4. a3 Bxc3+ 5. bxc3 Ne7 6. e5 c5 7. Nf3 Nbc6 8.
Be2 Bd7 9. h4 a6 10. h5 c4 11. h6 g6 12. Bg5 Qa5 13. Qd2 Qb6 14. Bf6 O-O-O 15.
Bxh8 Rxh8 16. Ng5 Nd8 17. O-O Bc6 18. Rfb1 Qc7 19. Qf4 f5 20. Qh4 Ng8 21. Rb4
Qd7 22. a4 Nf7 23. Nxf7 Qxf7 24. g4 Ne7 25. Qf6 Rf8 26. Qxf7 Rxf7 27. Kg2 Ng8
28. Rh1 a5 29. Rb2 Bxa4 30. Ra2 b5 31. Kg3 Kc7 32. gxf5 exf5 33. Bf3 Kc6 34.
Kf4 Re7 35. Kg5 Re6 36. Rha1 Ne7 37. Bg2 Kd7 38. Bf3 1/2-1/2

[Event "DVM U16 2017"]
[Site "Walldorf GER"]
[Date "2017.12.28"]
[Round "3"]
[White "Mühlpfordt, Thomas"]
[Black "Schäfer, Nicolas"]
[Result "1/2-1/2"]
[Termination "normal"]
[Board "9.1"]
[WhiteElo "1951"]
[BlackElo "1668"]
[WhiteTeam "SC 1997 Lambsheim"]
[BlackTeam "SVG Saarbrücken"]
[PlyCount "80"]
[WhiteFideId "12986623"]
[BlackFideId "12988901"]
[EventCountry "GER"]
[EventRounds "7"]
[EventType "team-swiss"]
[EventDate "2017.12.26"]

1. e4 c5 2. Nf3 d6 3. d4 cxd4 4. Nxd4 Nf6 5. Nc3 g6 6. Be3 Bg7 7. f3 O-O 8. Bc4
Nc6 9. Qd2 Bd7 10. Bb3 Rc8 11. O-O-O Nxd4 12. Bxd4 b5 13. Nd5 Nxd5 14. exd5
Bxd4 15. Qxd4 a5 16. a3 Rc5 17. h4 Qc7 18. Rd2 Rc8 19. Qf2 b4 20. a4 Qd8 21. h5
g5 22. Qe3 h6 23. Re1 Qe8 24. Qxe7 Bxa4 25. Qxe8+ Bxe8 26. Ba2 a4 27. b3 Ra5
28. Re4 Rb8 29. Rdd4 a3 30. Rxb4 Rxb4 31. Rxb4 Rxd5 32. Rb8 Re5 33. Rd8 Kg7 34.
b4 f5 35. Rxd6 Bxh5 36. Kd2 g4 37. fxg4 Bxg4 38. Re6 Rxe6 39. Bxe6 f4 40. Ba2
Kf6 1/2-1/2

[Event "DVM U16 2017"]
[Site "Walldorf GER"]
[Date "2017.12.28"]
[Round "3"]
[White "Dalchow, Jonas"]
[Black "Zha, Kevin"]
[Result "1-0"]
[Termination "normal"]
[Board "9.3"]
[WhiteElo "1758"]
[BlackElo "1516"]
[WhiteTeam "SC 1997 Lambsheim"]
[BlackTeam "SVG Saarbrücken"]
[PlyCount "63"]
[WhiteFideId "12971251"]
[BlackFideId "16208951"]
[EventCountry "GER"]
[EventRounds "7"]
[EventType "team-swiss"]
[EventDate "2017.12.26"]

1. e4 d5 2. exd5 Qxd5 3. Nc3 Qd6 4. g3 Nf6 5. Bg2 a6 6. d3 Bg4 7. Nge2 Nc6 8.
h3 Bf5 9. Be3 O-O-O 10. g4 Bg6 11. Qd2 e5 12. O-O-O Qd7 13. f4 exf4 14. Nxf4
Bb4 15. Nxg6 hxg6 16. a3 Bd6 17. Rhf1 Rhf8 18. Bg5 Be5 19. Bf4 Bxf4 20. Rxf4
Ne7 21. Qf2 g5 22. Qa7 c6 23. Rb4 Qc7 24. Re1 Ned5 25. Nxd5 Nxd5 26. Bxd5 cxd5
27. Rb3 d4 28. Rb4 Qf4+ 29. Kb1 Qf3 30. Rc4+ Kd7 31. Qxd4+ Qd5 32. Qxd5# 1-0

[Event "DVM U16 2017"]
[Site "Walldorf GER"]
[Date "2017.12.28"]
[Round "3"]
[White "Schmied, Elias"]
[Black "Dalchow, Mario"]
[Result "1/2-1/2"]
[Termination "normal"]
[Board "9.4"]
[WhiteElo "1475"]
[BlackElo "1619"]
[WhiteTeam "SVG Saarbrücken"]
[BlackTeam "SC 1997 Lambsheim"]
[PlyCount "44"]
[WhiteFideId "16255879"]
[BlackFideId "12971421"]
[EventCountry "GER"]
[EventRounds "7"]
[EventType "team-swiss"]
[EventDate "2017.12.26"]

1. d4 Nf6 2. c4 g6 3. Nc3 d5 4. cxd5 Nxd5 5. e4 Nb6 6. Bd3 Bg7 7. Nge2 e6 8.
Be3 O-O 9. O-O Nc6 10. Bc2 Nc4 11. b3 Nxe3 12. fxe3 a6 13. Rc1 Nb4 14. Bb1 Nc6
15. e5 Ne7 16. Ng3 Nf5 17. Nxf5 exf5 18. e4 Bh6 19. Rc2 Be3+ 20. Kh1 Qxd4 21.
Qf3 Bg5 22. Re2 fxe4 1/2-1/2

[Event "DVM U16 2017"]
[Site "Walldorf GER"]
[Date "2017.12.28"]
[Round "3"]
[White "Yaroshenko, Yaroslav"]
[Black "Färber, David"]
[Result "0-1"]
[Termination "normal"]
[Board "10.1"]
[WhiteElo "1655"]
[BlackElo "2147"]
[WhiteTeam "SK Gräfelfing"]
[BlackTeam "SV 1947 Walldorf"]
[PlyCount "70"]
[WhiteFideId "16204905"]
[BlackFideId "12971294"]
[EventCountry "GER"]
[EventRounds "7"]
[EventType "team-swiss"]
[EventDate "2017.12.26"]

1. e4 c5 2. d4 cxd4 3. c3 dxc3 4. Nxc3 e6 5. Nf3 a6 6. Bc4 b5 7. Bb3 Bb7 8. Qe2
d6 9. O-O Nd7 10. Rd1 Be7 11. Nd4 Nc5 12. e5 Nxb3 13. Nxb3 d5 14. Qg4 g6 15.
Be3 Rc8 16. Nd4 Rc4 17. Rac1 Kf8 18. b3 Rc8 19. a4 Ba3 20. Rc2 bxa4 21. Nxa4
Rxc2 22. Nxc2 Be7 23. Rc1 Kg7 24. Nd4 h6 25. Nxe6+ fxe6 26. Bb6 Qf8 27. Rc7 Bc8
28. Nc5 h5 29. Nxe6+ Bxe6 30. Qxe6 Qf7 31. Qd7 Qf5 32. Qxf5 gxf5 33. Rd7 Rh6
34. Be3 Rc6 35. Rxd5 Kf7 0-1

[Event "DVM U16 2017"]
[Site "Walldorf GER"]
[Date "2017.12.28"]
[Round "3"]
[White "Ivanov, Iliyan"]
[Black "Khamenya, Vitalia"]
[Result "1-0"]
[Termination "normal"]
[Board "10.2"]
[WhiteElo "1556"]
[BlackElo "1881"]
[WhiteTeam "SV 1947 Walldorf"]
[BlackTeam "SK Gräfelfing"]
[PlyCount "71"]
[WhiteFideId "16247329"]
[BlackFideId "12959260"]
[EventCountry "GER"]
[EventRounds "7"]
[EventType "team-swiss"]
[EventDate "2017.12.26"]

1. e4 g6 2. d4 Bg7 3. Nf3 d6 4. Be3 Nd7 5. Nc3 a6 6. Bc4 e6 7. Qd2 Ne7 8. Bh6
O-O 9. h4 Nf6 10. h5 gxh5 11. O-O-O Ng6 12. g4 Nxg4 13. Bxg7 Kxg7 14. Rxh5 Rh8
15. Rdh1 Qf6 16. Be2 h6 17. Nh4 Nf4 18. Bxg4 Nxh5 19. Bxh5 Kf8 20. Nf3 b6 21.
Rh4 Rh7 22. Rf4 Qe7 23. e5 Bb7 24. Rf6 Ke8 25. Rxh6 Rxh6 26. Qxh6 Kd7 27. Ng5
Rf8 28. Qf6 dxe5 29. dxe5 Qxf6 30. exf6 Kc8 31. Bxf7 e5 32. Be6+ Kd8 33. Nh7
Rh8 34. f7 Ke7 35. f8=Q+ Rxf8 36. Nxf8 1-0

[Event "DVM U16 2017"]
[Site "Walldorf GER"]
[Date "2017.12.28"]
[Round "3"]
[White "Stepanski, Daniel"]
[Black "Stepanov, Maximilian"]
[Result "1/2-1/2"]
[Termination "normal"]
[Board "10.4"]
[WhiteElo "1320"]
[BlackElo "1303"]
[WhiteTeam "SV 1947 Walldorf"]
[BlackTeam "SK Gräfelfing"]
[PlyCount "67"]
[WhiteFideId "16247337"]
[BlackFideId "16244680"]
[EventCountry "GER"]
[EventRounds "7"]
[EventType "team-swiss"]
[EventDate "2017.12.26"]

1. d4 d5 2. c4 c6 3. Nc3 Nf6 4. Bg5 e6 5. e3 Bb4 6. Nge2 h6 7. Bh4 Nbd7 8. a3
Bxc3+ 9. Nxc3 O-O 10. Rc1 Qe8 11. Bd3 dxc4 12. Bxc4 Nd5 13. O-O N7f6 14. Bd3
Qd7 15. Nxd5 Nxd5 16. Qf3 Nc7 17. Bg3 Nd5 18. Be5 f6 19. Bg3 Qf7 20. e4 Nb6 21.
Bd6 Rd8 22. e5 f5 23. Qh3 Nd5 24. Be2 Nf4 25. Qf3 Nxe2+ 26. Qxe2 Kh7 27. Rc3
Rg8 28. Rh3 g5 29. Qh5 Qxh5 30. Rxh5 Bd7 31. Rc1 Rg6 32. Rc3 Rag8 33. Rb3 Bc8
34. Bc5 1/2-1/2

[Event "DVM U16 2017"]
[Site "Walldorf GER"]
[Date "2017.12.29"]
[Round "5"]
[White "Roseneck, Jonas"]
[Black "Elier, Ali"]
[Result "1-0"]
[Termination "normal"]
[Board "1.1"]
[WhiteElo "2287"]
[BlackElo "1910"]
[WhiteClock "00:34:20"]
[BlackClock "01:21:53"]
[WhiteTeam "SG Aufbau Elbe Magdeburg"]
[BlackTeam "SF Brackel"]
[PlyCount "59"]
[WhiteFideId "12939870"]
[BlackFideId "16217543"]
[EventCountry "GER"]
[EventRounds "7"]
[EventType "team-swiss"]
[EventDate "2017.12.26"]

1. e4 e5 2. Nf3 Nc6 3. Bb5 f5 4. Nc3 fxe4 5. Nxe4 d5 6. Nxe5 dxe4 7. Nxc6 Qd5
8. c4 Qd6 9. Qh5+ g6 10. Qe5+ Qxe5 11. Nxe5+ Ke7 12. d4 exd3 13. Bg5+ Ke6 14.
Nxd3 Kf5 15. Bf4 c6 16. Ba4 Bb4+ 17. Kf1 Nf6 18. g3 Ba5 19. b4 Ke4 20. Nc5+ Kd4
21. Be3+ Kxc4 22. bxa5 Bh3+ 23. Ke2 Nd5 24. Bb3+ Kc3 25. Rhc1+ Kb2 26. Rab1+
Ka3 27. Bxd5 Bf1+ 28. Kxf1 b5 29. Rb3+ Kxa2 30. Rc2+ 1-0

[Event "DVM U16 2017"]
[Site "Walldorf GER"]
[Date "2017.12.29"]
[Round "5"]
[White "Garbuz, Vitaliy"]
[Black "Biastoch, Bennet"]
[Result "0-1"]
[Termination "normal"]
[Board "1.2"]
[WhiteElo "2022"]
[BlackElo "2234"]
[WhiteClock "00:27:25"]
[BlackClock "00:34:28"]
[WhiteTeam "SF Brackel"]
[BlackTeam "SG Aufbau Elbe Magdeburg"]
[PlyCount "100"]
[WhiteFideId "12990710"]
[BlackFideId "12939889"]
[EventCountry "GER"]
[EventRounds "7"]
[EventType "team-swiss"]
[EventDate "2017.12.26"]

1. e4 c5 2. d4 cxd4 3. c3 Nf6 4. e5 Nd5 5. Nf3 d6 6. cxd4 Nc6 7. Bc4 dxe5 8.
dxe5 Ndb4 9. Qb3 e6 10. O-O Na5 11. Bb5+ Bd7 12. Qa4 Bxb5 13. Qxb5+ Nac6 14.
Nc3 a6 15. Qe2 Qd3 16. Rd1 Qxe2 17. Nxe2 Nd5 18. Nf4 Nxf4 19. Bxf4 Be7 20. Nd2
O-O 21. Ne4 Rfd8 22. Nd6 Bxd6 23. exd6 Nb4 24. Rac1 Nd5 25. Bg3 h6 26. Kf1 Rac8
27. Ke2 Rxc1 28. Rxc1 f6 29. Rc5 Kf7 30. b4 b6 31. Rc6 Ke8 32. a4 Kd7 33. b5
axb5 34. axb5 Ra8 35. Rc2 Ra5 36. Rb2 Rxb5 37. Rxb5 Nc3+ 38. Kd3 Nxb5 39. f3
Nxd6 40. Bf2 Kc6 41. f4 b5 42. Kd4 b4 43. g4 Kb5 44. Kd3 b3 45. Bd4 Nc4 46. g5
b2 47. Kc2 hxg5 48. fxg5 fxg5 49. Bxg7 g4 50. Bf8 Kc6 0-1

[Event "DVM U16 2017"]
[Site "Walldorf GER"]
[Date "2017.12.29"]
[Round "5"]
[White "Wagner, Benjamin"]
[Black "Kartsev, Nikolay"]
[Result "0-1"]
[Termination "normal"]
[Board "1.3"]
[WhiteElo "2005"]
[BlackElo "2083"]
[WhiteClock "00:05:49"]
[BlackClock "00:03:04"]
[WhiteTeam "SG Aufbau Elbe Magdeburg"]
[BlackTeam "SF Brackel"]
[PlyCount "98"]
[WhiteFideId "12957330"]
[BlackFideId "12939536"]
[EventCountry "GER"]
[EventRounds "7"]
[EventType "team-swiss"]
[EventDate "2017.12.26"]

1. e4 c5 2. Nf3 d6 3. d4 cxd4 4. Nxd4 Nf6 5. Nc3 Nc6 6. Be2 e6 7. Be3 Be7 8. f4
a6 9. Qd2 Nxd4 10. Bxd4 b5 11. Bf3 Bb7 12. e5 Nd5 13. Nxd5 Bxd5 14. Bxd5 exd5
15. e6 fxe6 16. Bxg7 Rg8 17. Bd4 Qc7 18. Qe2 Qc4 19. Qxc4 dxc4 20. O-O Kd7 21.
Rf3 Raf8 22. g3 e5 23. Be3 d5 24. c3 Kc6 25. Kg2 e4 26. Rf2 a5 27. a3 Ra8 28.
Bd4 Bc5 29. Bxc5 Kxc5 30. Rd1 Rad8 31. Rfd2 Rg6 32. Kf2 Rb6 33. Ke3 b4 34.
axb4+ axb4 35. f5 bxc3 36. bxc3 Rb3 37. Rc1 d4+ 38. Kxe4 Re8+ 39. Kf4 Rxc3 40.
Rf1 Rb3 41. f6 c3 42. Rd3 Rb7 43. Kf5 Kc4 44. Rdf3 c2 45. Ra3 Rb1 46. Ra1 Rxf1+
47. Rxf1 d3 48. f7 Rf8 49. Ke4 d2 0-1

[Event "DVM U16 2017"]
[Site "Walldorf GER"]
[Date "2017.12.29"]
[Round "5"]
[White "Seref, Erdogan"]
[Black "Hoffmann, Lennard"]
[Result "0-1"]
[Termination "normal"]
[Board "1.4"]
[WhiteElo "1849"]
[BlackElo "2041"]
[WhiteClock "00:18:44"]
[BlackClock "00:37:34"]
[WhiteTeam "SF Brackel"]
[BlackTeam "SG Aufbau Elbe Magdeburg"]
[PlyCount "82"]
[WhiteFideId "16206827"]
[BlackFideId "12943495"]
[EventCountry "GER"]
[EventRounds "7"]
[EventType "team-swiss"]
[EventDate "2017.12.26"]

1. e4 c5 2. c3 g6 3. d4 cxd4 4. Nf3 Bg7 5. Bc4 d6 6. cxd4 Nf6 7. Nc3 O-O 8. h3
Qc7 9. Bb3 Nc6 10. O-O Rd8 11. Qe2 b6 12. e5 dxe5 13. dxe5 Ne8 14. e6 f6 15.
Nd5 Qb7 16. Bf4 Na5 17. Nc3 Nxb3 18. axb3 Nc7 19. Bxc7 Qxc7 20. Nb5 Qb8 21.
Rac1 Ba6 22. Qc4 Bh6 23. Rc3 Qf4 24. Qa4 Bb7 25. Nc7 Rac8 26. Qd7 Rxd7 27. exd7
Rd8 28. Ne6 Qb8 29. Nxd8 Qxd8 30. Rd1 Bf4 31. Re3 Bxe3 32. fxe3 Bxf3 33. gxf3
Kf7 34. Kf2 e6 35. e4 Ke7 36. Ke3 b5 37. e5 Qb6+ 38. Ke4 f5+ 39. Kf4 Kd8 40.
Rd3 h6 41. Rd1 Qf2 0-1

[Event "DVM U16 2017"]
[Site "Walldorf GER"]
[Date "2017.12.29"]
[Round "5"]
[White "Engel, Luis"]
[Black "Koll, Lukas"]
[Result "1-0"]
[Termination "normal"]
[Board "2.1"]
[WhiteElo "2362"]
[BlackElo "1854"]
[WhiteClock "00:36:01"]
[BlackClock "00:31:26"]
[WhiteTeam "Hamburger SK"]
[BlackTeam "Karlsruher SF"]
[PlyCount "109"]
[WhiteFideId "12961523"]
[BlackFideId "12969737"]
[EventCountry "GER"]
[EventRounds "7"]
[EventType "team-swiss"]
[EventDate "2017.12.26"]

1. e4 c6 2. d4 d5 3. e5 Bf5 4. Nf3 e6 5. Be2 Ne7 6. O-O Nd7 7. Nbd2 h6 8. Nb3
Bh7 9. a4 Nf5 10. a5 a6 11. Bd2 Be7 12. c4 O-O 13. cxd5 cxd5 14. Ne1 Nb8 15.
Nd3 Nc6 16. Bc3 f6 17. Bg4 fxe5 18. Nxe5 Nxe5 19. dxe5 Qd7 20. Qd2 g5 21. Bb4
Ng7 22. Bxe7 Qxe7 23. Ra4 Rac8 24. Bd1 Rc4 25. Nd4 Rxa4 26. Bxa4 Rc8 27. h3 Nf5
28. Nxf5 Bxf5 29. Rc1 Rxc1+ 30. Qxc1 Qb4 31. Qc8+ Kg7 32. Qc7+ Kg8 33. Be8 Qxb2
34. Bf7+ Kf8 35. Bh5 Qb1+ 36. Kh2 Bg6 37. Qd8+ Kg7 38. Qd7+ Kh8 39. Qc8+ Kg7
40. Bg4 Bf5 41. Qd7+ Kh8 42. Qe8+ Kh7 43. Qf7+ Kh8 44. Bh5 Qe4 45. Qe8+ Kh7 46.
Qd7+ Kh8 47. Qc8+ Kh7 48. Qxb7+ Kh8 49. Qc8+ Kh7 50. Qc7+ Kh8 51. Bf7 h5 52.
Qd8+ Kg7 53. Qg8+ Kh6 54. Qh8+ Bh7 55. Qf8# 1-0

[Event "DVM U16 2017"]
[Site "Walldorf GER"]
[Date "2017.12.29"]
[Round "5"]
[White "Koll, Linus"]
[Black "Holinka, Henning"]
[Result "1/2-1/2"]
[Termination "normal"]
[Board "2.2"]
[WhiteElo "1850"]
[BlackElo "2069"]
[WhiteClock "00:01:21"]
[BlackClock "00:01:43"]
[WhiteTeam "Karlsruher SF"]
[BlackTeam "Hamburger SK"]
[PlyCount "89"]
[WhiteFideId "12990299"]
[BlackFideId "12967084"]
[EventCountry "GER"]
[EventRounds "7"]
[EventType "team-swiss"]
[EventDate "2017.12.26"]

1. e4 g6 2. d4 Bg7 3. Nc3 d6 4. f4 a6 5. Nf3 b5 6. Bd3 Bb7 7. e5 c5 8. dxc5
dxe5 9. Qe2 Nd7 10. Ne4 Qc7 11. O-O Ngf6 12. fxe5 Nxe4 13. Bxe4 Bxe4 14. Qxe4
O-O 15. e6 f5 16. Qe3 Nxc5 17. Ng5 Rad8 18. Qe2 Rf6 19. b4 Na4 20. Bf4 Qb6+ 21.
Be3 Qd6 22. Nf7 Rxf7 23. exf7+ Kxf7 24. Rae1 Qxb4 25. g4 e6 26. gxf5 exf5 27.
Bg5 Bd4+ 28. Kh1 Rb8 29. Qe6+ Kg7 30. Qd7+ Kg8 31. Re8+ Rxe8 32. Qxe8+ Qf8 33.
Qxf8+ Kxf8 34. Rd1 Bc5 35. Rd8+ Kf7 36. Ra8 Nc3 37. Rxa6 Ne4 38. Bc1 g5 39. Kg2
g4 40. Bf4 Bf8 41. Ra7+ Kg6 42. Rb7 b4 43. Rb6+ Kf7 44. Rb7+ Kg6 45. Rb6+
1/2-1/2

[Event "DVM U16 2017"]
[Site "Walldorf GER"]
[Date "2017.12.29"]
[Round "5"]
[White "Engel, Robert"]
[Black "Wegmer, Leon"]
[Result "1-0"]
[Termination "normal"]
[Board "2.3"]
[WhiteElo "1942"]
[BlackElo "1691"]
[WhiteClock "01:08:48"]
[BlackClock "01:02:49"]
[WhiteTeam "Hamburger SK"]
[BlackTeam "Karlsruher SF"]
[PlyCount "37"]
[WhiteFideId "12974684"]
[BlackFideId "12983748"]
[EventCountry "GER"]
[EventRounds "7"]
[EventType "team-swiss"]
[EventDate "2017.12.26"]

1. e4 c5 2. Nf3 e6 3. d4 cxd4 4. Nxd4 a6 5. Bd3 Bc5 6. Nb3 Ba7 7. O-O Nc6 8.
Qg4 Nf6 9. Qxg7 Rg8 10. Qh6 Ne5 11. Be2 Rg6 12. Qh4 d5 13. Bg5 h6 14. Bxf6 Rxf6
15. Nc3 d4 16. Rad1 Ng6 17. Qxh6 Qb6 18. Rxd4 e5 19. Nd5 1-0

[Event "DVM U16 2017"]
[Site "Walldorf GER"]
[Date "2017.12.29"]
[Round "5"]
[White "Wang, Xinyuan"]
[Black "Fuhrmann, Äke"]
[Result "0-1"]
[Termination "normal"]
[Board "2.4"]
[WhiteElo "1688"]
[BlackElo "1760"]
[WhiteClock "00:46:35"]
[BlackClock "00:19:00"]
[WhiteTeam "Karlsruher SF"]
[BlackTeam "Hamburger SK"]
[PlyCount "72"]
[WhiteFideId "16221494"]
[BlackFideId "12983853"]
[EventCountry "GER"]
[EventRounds "7"]
[EventType "team-swiss"]
[EventDate "2017.12.26"]

1. d4 Nf6 2. c4 g6 3. Nc3 Bg7 4. e4 d6 5. f3 O-O 6. Be3 c5 7. d5 Nbd7 8. Nge2
Ne5 9. Ng3 h5 10. h4 Re8 11. Be2 a6 12. a4 e6 13. Nf1 exd5 14. cxd5 Bd7 15. Bg5
Qc8 16. Nd2 c4 17. f4 Neg4 18. Nxc4 Qc5 19. Qc2 Nf2 20. Bxf6 Bxf6 21. Rf1 Bxc3+
22. bxc3 Nxe4 23. O-O-O Ng3 24. Bd3 Bf5 25. Bxf5 Nxf5 26. Qb3 Rac8 27. Nb6
Qxc3+ 28. Qxc3 Rxc3+ 29. Kb2 Ree3 30. a5 Rb3+ 31. Ka2 Ra3+ 32. Kb2 Reb3+ 33.
Kc1 Ne3 34. Rfe1 Ra1+ 35. Kd2 Ra2+ 36. Kc1 Rc2# 0-1

[Event "DVM U16 2017"]
[Site "Walldorf GER"]
[Date "2017.12.29"]
[Round "5"]
[White "Silber, Kevin"]
[Black "von Estorff, Jacob"]
[Result "1-0"]
[Termination "normal"]
[Board "3.1"]
[WhiteElo "2038"]
[BlackElo "1937"]
[WhiteClock "00:28:24"]
[BlackClock "00:16:28"]
[WhiteTeam "Delmenhorster SK"]
[BlackTeam "Post SV Uelzen"]
[PlyCount "65"]
[WhiteFideId "12930440"]
[BlackFideId "12974501"]
[EventCountry "GER"]
[EventRounds "7"]
[EventType "team-swiss"]
[EventDate "2017.12.26"]

1. e4 c5 2. Nf3 Nc6 3. Bb5 g6 4. Bxc6 dxc6 5. d3 Bg7 6. h3 e5 7. a4 a5 8. Be3
b6 9. Na3 Qc7 10. Nc4 Ne7 11. b4 axb4 12. a5 bxa5 13. Bxc5 Qb8 14. Nfd2 Be6 15.
O-O Bf6 16. Qf3 Bg5 17. Bd6 Qb5 18. Bxe5 O-O 19. Bf6 Bxc4 20. dxc4 Qc5 21. Nb3
Qxc4 22. Bxg5 f6 23. Be3 Qxc2 24. Bh6 Rf7 25. Rxa5 Rxa5 26. Nxa5 g5 27. Qd1
Qxd1 28. Rxd1 Kh8 29. Rd7 c5 30. Rb7 f5 31. Bxg5 Nc6 32. Rxf7 Nxa5 33. Bh6 1-0

[Event "DVM U16 2017"]
[Site "Walldorf GER"]
[Date "2017.12.29"]
[Round "5"]
[White "Knüdel, Torben"]
[Black "Steffens, Oliver"]
[Result "1-0"]
[Termination "normal"]
[Board "3.2"]
[WhiteElo "1825"]
[BlackElo "2064"]
[WhiteClock "00:09:47"]
[BlackClock "00:02:06"]
[WhiteTeam "Post SV Uelzen"]
[BlackTeam "Delmenhorster SK"]
[PlyCount "65"]
[WhiteFideId "16208820"]
[BlackFideId "12947148"]
[EventCountry "GER"]
[EventRounds "7"]
[EventType "team-swiss"]
[EventDate "2017.12.26"]

1. e4 c5 2. Nf3 Nc6 3. Nc3 Nf6 4. d4 cxd4 5. Nxd4 e5 6. Ndb5 d6 7. Bg5 a6 8.
Na3 b5 9. Nd5 Be7 10. Bxf6 Bxf6 11. c3 O-O 12. Nc2 Bg5 13. Bd3 Be6 14. Nce3 Ne7
15. O-O f5 16. Nxe7+ Qxe7 17. exf5 Bxe3 18. fxe3 Bf7 19. Qf3 Qg5 20. a4 bxa4
21. Rxa4 a5 22. f6 Be6 23. Bc4 Bxc4 24. Rxc4 Kh8 25. f7 h6 26. Rg4 Qe7 27. Qd5
Ra7 28. Rg6 Rd7 29. Re6 Qd8 30. h3 Qc7 31. Re8 Rd8 32. Qe6 Kh7 33. Rxf8 1-0

[Event "DVM U16 2017"]
[Site "Walldorf GER"]
[Date "2017.12.29"]
[Round "5"]
[White "Petri, Ben-Luca"]
[Black "Rothenberg, Jannik"]
[Result "1-0"]
[Termination "normal"]
[Board "3.3"]
[WhiteElo "1747"]
[BlackElo "1768"]
[WhiteClock "00:03:40"]
[BlackClock "00:01:29"]
[WhiteTeam "Delmenhorster SK"]
[BlackTeam "Post SV Uelzen"]
[PlyCount "79"]
[WhiteFideId "12947261"]
[BlackFideId "16204743"]
[EventCountry "GER"]
[EventRounds "7"]
[EventType "team-swiss"]
[EventDate "2017.12.26"]

1. e4 e6 2. d4 d5 3. Nd2 Nf6 4. e5 Nfd7 5. Bd3 c5 6. c3 Nc6 7. Ne2 cxd4 8. cxd4
f6 9. exf6 Nxf6 10. O-O Bd6 11. Nf3 Qc7 12. Bg5 O-O 13. Bh4 Bd7 14. Bg3 Rac8
15. Rc1 Bxg3 16. hxg3 Qd6 17. Nc3 a6 18. Re1 b5 19. b3 Qb4 20. Ne2 Ng4 21. Bb1
Qd6 22. Nf4 Nf6 23. Qd3 Nb4 24. Qe2 Rxc1 25. Rxc1 Nc6 26. Re1 Re8 27. Nd3 Ne4
28. Rc1 Re7 29. Qe3 b4 30. Nde5 Nc3 31. Bd3 Be8 32. Nxc6 Bxc6 33. a4 a5 34. Ne5
Be8 35. Qf4 Qc7 36. Rc2 g6 37. Qf6 Qa7 38. Ng4 Rg7 39. Nh6+ Kh8 40. Qf8+ 1-0

[Event "DVM U16 2017"]
[Site "Walldorf GER"]
[Date "2017.12.29"]
[Round "5"]
[White "Askerov, Imamali"]
[Black "Sinnhöfer, Jonas"]
[Result "1/2-1/2"]
[Termination "normal"]
[Board "3.4"]
[WhiteElo "1797"]
[BlackElo "1853"]
[WhiteClock "00:23:51"]
[BlackClock "00:48:50"]
[WhiteTeam "Post SV Uelzen"]
[BlackTeam "Delmenhorster SK"]
[PlyCount "88"]
[WhiteFideId "12974498"]
[BlackFideId "12982938"]
[EventCountry "GER"]
[EventRounds "7"]
[EventType "team-swiss"]
[EventDate "2017.12.26"]

1. e4 d5 2. exd5 Qxd5 3. Nc3 Qd6 4. h3 a6 5. Nf3 Nf6 6. d4 Nbd7 7. Be3 e6 8.
Bd3 Be7 9. O-O O-O 10. Qd2 b5 11. Bf4 Qc6 12. Ne5 Nxe5 13. Bxe5 Bb7 14. f3 Rad8
15. Qe2 Qb6 16. Kh1 Nd7 17. Bg3 Bf6 18. Be5 Nxe5 19. dxe5 Be7 20. f4 c5 21. Qh5
g6 22. Qe2 Rd4 23. Be4 b4 24. Na4 Qc7 25. Bxb7 Qxb7 26. Rad1 Rfd8 27. b3 Qb5
28. Qxb5 axb5 29. Nb2 Rd2 30. Rxd2 Rxd2 31. Rc1 g5 32. g3 gxf4 33. gxf4 Rd4 34.
Rf1 Rd2 35. Rg1+ Kf8 36. Rg2 Rd4 37. Rf2 Bh4 38. Rf3 Rd2 39. Nd3 Rxc2 40. f5
exf5 41. Rxf5 Be7 42. e6 f6 43. Ne5 Bd6 44. Nc6 Be7 1/2-1/2

[Event "DVM U16 2017"]
[Site "Walldorf GER"]
[Date "2017.12.29"]
[Round "5"]
[White "Runte, Moritz"]
[Black "Browning, Alex"]
[Result "0-1"]
[Termination "normal"]
[Board "4.1"]
[WhiteElo "1978"]
[BlackElo "2164"]
[WhiteClock "00:12:08"]
[BlackClock "00:34:13"]
[WhiteTeam "SV Hemer"]
[BlackTeam "MS Halver-Schalksmühle"]
[PlyCount "60"]
[WhiteFideId "12991449"]
[BlackFideId "12984019"]
[EventCountry "GER"]
[EventRounds "7"]
[EventType "team-swiss"]
[EventDate "2017.12.26"]

1. e4 c5 2. Nf3 d6 3. Bb5+ Nd7 4. O-O a6 5. Bd3 Ngf6 6. Re1 g6 7. c3 Bg7 8. Bc2
O-O 9. d4 e5 10. a4 Qc7 11. Na3 Rb8 12. Qd3 d5 13. Nxe5 dxe4 14. Qe2 cxd4 15.
cxd4 Nxe5 16. Bf4 Nf3+ 17. Qxf3 Qb6 18. Bxe4 Bg4 19. Qg3 Rbc8 20. Be5 Nxe4 21.
Rxe4 Qxb2 22. Ree1 Bxe5 23. Qxe5 Bf5 24. Qe7 Qxd4 25. Qxb7 Qxa4 26. Re3 Rfd8
27. Rae1 Rd1 28. Qe7 Rcc1 29. Kf1 Rxe1+ 30. Rxe1 Bd3+ 0-1

[Event "DVM U16 2017"]
[Site "Walldorf GER"]
[Date "2017.12.29"]
[Round "5"]
[White "Browning, Rebecca"]
[Black "Leonard, Timo"]
[Result "1/2-1/2"]
[Termination "normal"]
[Board "4.2"]
[WhiteElo "1874"]
[BlackElo "1762"]
[WhiteClock "00:23:56"]
[BlackClock "00:15:21"]
[WhiteTeam "MS Halver-Schalksmühle"]
[BlackTeam "SV Hemer"]
[PlyCount "55"]
[WhiteFideId "12984027"]
[BlackFideId "16208757"]
[EventCountry "GER"]
[EventRounds "7"]
[EventType "team-swiss"]
[EventDate "2017.12.26"]

1. e4 c6 2. d4 d5 3. exd5 cxd5 4. Nf3 Bg4 5. Be2 Nf6 6. O-O e6 7. Nc3 Nc6 8.
Ne5 Bxe2 9. Nxe2 Nxe5 10. dxe5 Nd7 11. f4 Bc5+ 12. Kh1 O-O 13. Nd4 Qb6 14. Nb3
f6 15. Nxc5 Qxc5 16. exf6 Nxf6 17. Qe2 Ne4 18. Be3 Qe7 19. Rf3 Rf7 20. Raf1 b6
21. g4 Raf8 22. Qg2 Qd6 23. c3 b5 24. a3 a5 25. g5 Rf5 26. h4 b4 27. axb4 axb4
28. Bc1 1/2-1/2